[Event "Winnipeg TNT May op"]
[Site "Winnipeg CAN"]
[Date "2007.05.22"]
[Round "4"]
[White "Goodman, Clifford"]
[Black "Gibbons, Lorne"]
[Result "1-0"]
[WhiteElo "1508"]
[BlackElo "1321"]
[PlyCount "59"]
[GameId "2160767910692938"]
[EventDate "2007.05.01"]
[EventType "swiss"]
[EventRounds "5"]
[EventCountry "CAN"]
[SourceTitle "EXT 2022"]
[Source "ChessBase"]
[SourceDate "2021.10.06"]
[SourceVersion "1"]
[SourceVersionDate "2021.10.06"]
[SourceQuality "1"]

1. f4 d5 2. Nf3 Nc6 3. e3 Bf5 4. Bb5 Nf6 5. O-O e6 6. Ne5 Qd6 7. Bxc6+ bxc6 8. c3 Be7 9. Qa4 O-O 10. Qxc6 Qxc6 11. Nxc6 Bd6 12. d4 Nd7 13. Nd2 Nb8 14. Nxb8 Raxb8 15. Nf3 c5 16. Nh4 Bd3 17. Rf2 Ba6 18. Nf3 c4 19. Ne5 Rb7 20. Rb1 f6 21. Nf3 Bb5 22. Nd2 Rfb8 23. e4 Bc6 24. e5 Be7 25. Nf3 f5 26. h3 g6 27. g4 a5 28. gxf5 gxf5 29. Rg2+ Kf7 30. Ng5+ 1-0

[Event "Winnipeg TNT May op"]
[Site "Winnipeg CAN"]
[Date "2007.05.22"]
[Round "4"]
[White "Lauritson, Jim"]
[Black "Liu, Weixi"]
[Result "1/2-1/2"]
[WhiteElo "1916"]
[BlackElo "1515"]
[PlyCount "89"]
[GameId "2160767910692939"]
[EventDate "2007.05.01"]
[EventType "swiss"]
[EventRounds "5"]
[EventCountry "CAN"]
[SourceTitle "EXT 2022"]
[Source "ChessBase"]
[SourceDate "2021.10.06"]
[SourceVersion "1"]
[SourceVersionDate "2021.10.06"]
[SourceQuality "1"]

1. d4 d5 2. c4 c6 3. Nf3 dxc4 4. e3 b5 5. a4 Bb7 6. b3 cxb3 7. axb5 Qb6 8. Qxb3 e6 9. Nbd2 Nf6 10. Nc4 Qd8 11. Nce5 Qc8 12. Ng5 Be7 13. Ngxf7 O-O 14. Bc4 Nd5 15. e4 Nc7 16. b6 axb6 17. Rxa8 Bxa8 18. Ng5 Bxg5 19. Bxg5 h6 20. Bd2 c5 21. dxc5 bxc5 22. f3 Re8 23. O-O Nc6 24. Nxc6 Bxc6 25. Be3 Na6 26. Ra1 Bb7 27. Qb6 Nb8 28. Qxc5 Qxc5 29. Bxc5 Kh7 30. Bd6 Nc6 31. e5 Nd4 32. Ra7 Bc6 33. Kf2 Nb5 34. Re7 Rxe7 35. Bxe7 Nc7 36. Bd6 Nd5 37. g3 Kg6 38. Bd3+ Kf7 39. f4 Bd7 40. Ba6 Bc6 41. Bc8 Nb6 42. Ba6 Nd5 43. Bd3 Bd7 44. Kf3 Bc6 45. Be4 1/2-1/2

[Event "Winnipeg TNT May op"]
[Site "Winnipeg CAN"]
[Date "2007.05.22"]
[Round "4"]
[White "Lipic, Stephen"]
[Black "Campbell, Gary"]
[Result "0-1"]
[WhiteElo "1616"]
[BlackElo "1500"]
[PlyCount "88"]
[GameId "2160767910692940"]
[EventDate "2007.05.01"]
[EventType "swiss"]
[EventRounds "5"]
[EventCountry "CAN"]
[SourceTitle "EXT 2022"]
[Source "ChessBase"]
[SourceDate "2021.10.06"]
[SourceVersion "1"]
[SourceVersionDate "2021.10.06"]
[SourceQuality "1"]

1. e4 c5 2. f4 d6 3. Nf3 Nc6 4. Bb5 a6 5. Bxc6+ bxc6 6. b3 Nf6 7. d3 Bg4 8. O-O e5 9. fxe5 dxe5 10. Qe1 Bxf3 11. Rxf3 Qd4+ 12. Qf2 Qxa1 13. Rxf6 gxf6 14. Qxf6 Rc8 15. Qxh8 Qxb1 16. Qxe5+ Be7 17. Qh8+ Kd7 18. Qb2 Qxb2 19. Bxb2 Ke6 20. Kf2 Bf6 21. Ba3 Bd4+ 22. Kf3 f5 23. exf5+ Kxf5 24. g4+ Kg6 25. h4 h5 26. Bc1 hxg4+ 27. Kxg4 Re8 28. h5+ Kh7 29. Kf5 Re1 30. Bg5 Re2 31. c4 Rxa2 32. Ke6 Ra3 33. Kd7 Rxb3 34. Kxc6 a5 35. Be7 a4 36. Bxc5 Bxc5 37. Kxc5 a3 38. d4 a2 39. d5 a1=Q 40. Kc6 Qa4+ 41. Kc5 Rc3 42. h6 Qxc4+ 43. Kd6 Rd3 44. Ke7 Rxd5 0-1

[Event "Winnipeg TNT May op"]
[Site "Winnipeg CAN"]
[Date "2007.05.22"]
[Round "4"]
[White "Pottinger, Carl"]
[Black "Booth, Kevin"]
[Result "1/2-1/2"]
[WhiteElo "1806"]
[BlackElo "1642"]
[PlyCount "68"]
[GameId "2160767910692941"]
[EventDate "2007.05.01"]
[EventType "swiss"]
[EventRounds "5"]
[EventCountry "CAN"]
[SourceTitle "EXT 2022"]
[Source "ChessBase"]
[SourceDate "2021.10.06"]
[SourceVersion "1"]
[SourceVersionDate "2021.10.06"]
[SourceQuality "1"]

1. c4 e5 2. g3 Nf6 3. Bg2 Bc5 4. e3 Nc6 5. a3 d6 6. Nc3 Be6 7. d3 a6 8. Nge2 Qd7 9. d4 Bh3 10. Bxh3 Qxh3 11. dxc5 Ng4 12. Ng1 Qg2 13. Qf3 Qxf3 14. Nxf3 dxc5 15. O-O O-O-O 16. h3 Nf6 17. Rd1 Rde8 18. b3 e4 19. Nh2 Ne5 20. Bb2 Nd3 21. Rab1 Nd7 22. Ba1 f5 23. Nd5 N7e5 24. Bxe5 Nxe5 25. Kg2 c6 26. Nb6+ Kc7 27. Na4 b6 28. Nc3 Re7 29. Ne2 Nd3 30. Nf4 Ne5 31. h4 h6 32. Rb2 g5 33. hxg5 hxg5 34. Ne2 f4 1/2-1/2

[Event "Winnipeg TNT May op"]
[Site "Winnipeg CAN"]
[Date "2007.05.22"]
[Round "4"]
[White "Rutter, Blair"]
[Black "Oberton, Daniel"]
[Result "1-0"]
[WhiteElo "1949"]
[BlackElo "2009"]
[PlyCount "47"]
[GameId "2160767910692942"]
[EventDate "2007.05.01"]
[EventType "swiss"]
[EventRounds "5"]
[EventCountry "CAN"]
[SourceTitle "EXT 2022"]
[Source "ChessBase"]
[SourceDate "2021.10.06"]
[SourceVersion "1"]
[SourceVersionDate "2021.10.06"]
[SourceQuality "1"]

1. c4 Nf6 2. g3 g6 3. Bg2 Bg7 4. e4 d6 5. Nc3 O-O 6. Nge2 c5 7. d3 Nc6 8. O-O Rb8 9. Be3 Ng4 10. Bd2 f5 11. f4 e5 12. h3 Nf6 13. Kh2 a6 14. Be3 Qc7 15. Qd2 b5 16. Rac1 b4 17. Nd5 Nxd5 18. cxd5 Ne7 19. fxe5 Bxe5 20. d4 Bg7 21. dxc5 fxe4 22. Rxf8+ Bxf8 23. cxd6 Qxd6 24. Bf4 1-0

[Event "Winnipeg TNT May op"]
[Site "Winnipeg CAN"]
[Date "2007.05.22"]
[Round "4"]
[White "Trueman, Francis"]
[Black "Khedkar, Jay S"]
[Result "0-1"]
[WhiteElo "1465"]
[BlackElo "1974"]
[PlyCount "49"]
[GameId "2160767910692943"]
[EventDate "2007.05.01"]
[EventType "swiss"]
[EventRounds "5"]
[EventCountry "CAN"]
[SourceTitle "EXT 2022"]
[Source "ChessBase"]
[SourceDate "2021.10.06"]
[SourceVersion "1"]
[SourceVersionDate "2021.10.06"]
[SourceQuality "1"]

1. Nf3 Nf6 2. d3 c5 3. g3 Nc6 4. Bg2 e6 5. O-O Be7 6. Nbd2 O-O 7. e4 d5 8. c3 Qc7 9. Qe2 b6 10. Nb3 Ba6 11. Ne1 dxe4 12. Bxe4 Nxe4 13. Qxe4 Rad8 14. f4 Bd6 15. Nd2 Bb7 16. Qe2 Ne7 17. Nc4 Qc6 18. Nf3 Bc7 19. Ncd2 Qd5 20. Qe4 Ba6 21. Qxd5 Rxd5 22. Re1 Bxd3 23. c4 Rd7 24. Re3 Nf5 25. Re1 0-1

[Event "Winnipeg TNT May op"]
[Site "Winnipeg CAN"]
[Date "2007.05.22"]
[Round "4"]
[White "Van Wyk, Joseph"]
[Black "Cleto, Sam"]
[Result "0-1"]
[WhiteElo "1920"]
[BlackElo "1959"]
[PlyCount "106"]
[GameId "2160767910692944"]
[EventDate "2007.05.01"]
[EventType "swiss"]
[EventRounds "5"]
[EventCountry "CAN"]
[SourceTitle "EXT 2022"]
[Source "ChessBase"]
[SourceDate "2021.10.06"]
[SourceVersion "1"]
[SourceVersionDate "2021.10.06"]
[SourceQuality "1"]

1. e4 c5 2. c3 e5 3. Nf3 Nc6 4. Bc4 Nf6 5. Ng5 d5 6. exd5 Na5 7. Qa4+ Bd7 8. Bb5 a6 9. Bxd7+ Nxd7 10. d3 h6 11. Nf3 b5 12. Qe4 Bd6 13. c4 Nf6 14. Qe2 O-O 15. cxb5 axb5 16. Nc3 c4 17. dxc4 Nb3 18. Rb1 Nd4 19. Qd1 Nxf3+ 20. gxf3 bxc4 21. Rg1 Kh8 22. a3 Re8 23. Be3 Ra5 24. Qd2 Bf8 25. Rd1 Nh5 26. d6 Nf4 27. Bxf4 exf4+ 28. Kf1 Qd7 29. Ne4 c3 30. Qxc3 Rae5 31. Rg2 f5 32. Nc5 Qb5+ 33. Nd3 Bxd6 34. Kg1 R5e7 35. Rg6 Qd5 36. Rxh6+ Kg8 37. Rh3 Re6 38. Rc1 Rg6+ 39. Kf1 Rge6 40. Qc4 Qa5 41. Re1 Kf7 42. Rh5 Kf6 43. Qd4+ Kg6 44. Rxe6+ Rxe6 45. Rh8 Qc7 46. h4 Qc2 47. h5+ Kf7 48. Qa7+ Re7 49. Qd4 Re6 50. Qd5 Kf6 51. h6 Qe2+ 52. Kg2 Kg6 53. h7 Kh6 0-1

[Event "Winnipeg TNT May op"]
[Site "Winnipeg CAN"]
[Date "2007.05.22"]
[Round "4"]
[White "Wiebe, Daniel"]
[Black "Crawford, Gary"]
[Result "1-0"]
[WhiteElo "1668"]
[BlackElo "1338"]
[PlyCount "49"]
[GameId "2160767910692945"]
[EventDate "2007.05.01"]
[EventType "swiss"]
[EventRounds "5"]
[EventCountry "CAN"]
[SourceTitle "EXT 2022"]
[Source "ChessBase"]
[SourceDate "2021.10.06"]
[SourceVersion "1"]
[SourceVersionDate "2021.10.06"]
[SourceQuality "1"]

1. e4 c5 2. Nf3 d6 3. d4 cxd4 4. Nxd4 Nf6 5. Nc3 a6 6. Bc4 Qc7 7. Bb3 Nc6 8. Bg5 Nxd4 9. Qxd4 e5 10. Qd3 Be7 11. h4 Be6 12. Bxf6 Bxf6 13. Nd5 Bxd5 14. Qxd5 O-O 15. O-O-O Rad8 16. g4 Qc6 17. Qd3 Qc5 18. Qg3 g5 19. Qf3 Kg7 20. Qf5 h6 21. hxg5 Bxg5+ 22. Kb1 Qc7 23. Rh5 Qd7 24. Rxg5+ Kh8 25. Qf6+ 1-0

[Event "Winnipeg TNT May op"]
[Site "Winnipeg CAN"]
[Date "2007.05.29"]
[Round "5"]
[White "Campbell, Gary"]
[Black "Trueman, Francis"]
[Result "1-0"]
[WhiteElo "1500"]
[BlackElo "1465"]
[PlyCount "45"]
[GameId "2160767910692947"]
[EventDate "2007.05.01"]
[EventType "swiss"]
[EventRounds "5"]
[EventCountry "CAN"]
[SourceTitle "EXT 2022"]
[Source "ChessBase"]
[SourceDate "2021.10.06"]
[SourceVersion "1"]
[SourceVersionDate "2021.10.06"]
[SourceQuality "1"]

1. d4 Nf6 2. c4 g6 3. Nc3 Bg7 4. e4 d6 5. Be2 O-O 6. Nf3 c6 7. O-O Qc7 8. Bf4 Nbd7 9. Qd2 e5 10. Bh6 exd4 11. Nxd4 a5 12. Nc2 Nc5 13. f3 Qb6 14. Kh1 Bxh6 15. Qxh6 Qxb2 16. Qd2 Qb6 17. Qxd6 Be6 18. Rab1 Rad8 19. Qxf8+ Kxf8 20. Rxb6 Rd2 21. Rb2 Na4 22. Nxa4 Rxe2 23. Nd4 1-0

[Event "Winnipeg TNT May op"]
[Site "Winnipeg CAN"]
[Date "2007.05.29"]
[Round "5"]
[White "Crawford, Gary"]
[Black "Lipic, Stephen"]
[Result "0-1"]
[WhiteElo "1338"]
[BlackElo "1616"]
[PlyCount "39"]
[GameId "2160767910692948"]
[EventDate "2007.05.01"]
[EventType "swiss"]
[EventRounds "5"]
[EventCountry "CAN"]
[SourceTitle "EXT 2022"]
[Source "ChessBase"]
[SourceDate "2021.10.06"]
[SourceVersion "1"]
[SourceVersionDate "2021.10.06"]
[SourceQuality "1"]

1. e4 c6 2. d4 d5 3. Nd2 Qb6 4. Ngf3 Bg4 5. c3 Nd7 6. Bd3 e5 7. Qb3 Qxb3 8. axb3 exd4 9. exd5 Nc5 10. Bc4 b5 11. b4 bxc4 12. bxc5 dxc3 13. bxc3 cxd5 14. O-O Bxc5 15. Re1+ Ne7 16. Ba3 Bxa3 17. Rxa3 Be6 18. Nd4 Kd7 19. Rea1 Nc6 20. Rxa7+ 0-1

[Event "Winnipeg TNT May op"]
[Site "Winnipeg CAN"]
[Date "2007.05.29"]
[Round "5"]
[White "Goodman, Clifford"]
[Black "Wiebe, Daniel"]
[Result "0-1"]
[WhiteElo "1508"]
[BlackElo "1668"]
[PlyCount "64"]
[GameId "2160767910692949"]
[EventDate "2007.05.01"]
[EventType "swiss"]
[EventRounds "5"]
[EventCountry "CAN"]
[SourceTitle "EXT 2022"]
[Source "ChessBase"]
[SourceDate "2021.10.06"]
[SourceVersion "1"]
[SourceVersionDate "2021.10.06"]
[SourceQuality "1"]

1. Nf3 Nf6 2. d4 d5 3. g3 Bg4 4. Ne5 Bh5 5. Bg2 Nbd7 6. Nxd7 Qxd7 7. O-O Bg4 8. Nd2 Bh3 9. Nf3 Bxg2 10. Kxg2 h5 11. Ne5 Qe6 12. h4 Ng4 13. Nxg4 hxg4 14. Bf4 O-O-O 15. Re1 f6 16. e4 dxe4 17. c4 f5 18. d5 Qf7 19. Qa4 Kb8 20. Re3 e6 21. Rb3 exd5 22. cxd5 Qxd5 23. Rc1 Bd6 24. Rb5 Qf7 25. Rxb7+ Kxb7 26. Qc6+ Kb8 27. Qb5+ Kc8 28. Qa6+ Kd7 29. Qc6+ Ke6 30. Qc4+ Ke7 31. Bg5+ Ke8 32. Qxf7+ Kxf7 0-1

[Event "Winnipeg TNT May op"]
[Site "Winnipeg CAN"]
[Date "2007.05.29"]
[Round "5"]
[White "Lauritson, Jim"]
[Black "Lafreniere, Adrian"]
[Result "0-1"]
[WhiteElo "1916"]
[BlackElo "1911"]
[PlyCount "68"]
[GameId "2160767910692950"]
[EventDate "2007.05.01"]
[EventType "swiss"]
[EventRounds "5"]
[EventCountry "CAN"]
[SourceTitle "EXT 2022"]
[Source "ChessBase"]
[SourceDate "2021.10.06"]
[SourceVersion "1"]
[SourceVersionDate "2021.10.06"]
[SourceQuality "1"]

1. d4 c6 2. c4 d5 3. Nf3 Bf5 4. Nc3 e6 5. Bf4 Bd6 6. Bxd6 Qxd6 7. e3 Nd7 8. Be2 Ngf6 9. O-O h6 10. Rc1 O-O 11. Ne1 Ne4 12. f3 Ng5 13. h4 Nh3+ 14. gxh3 Qg3+ 15. Ng2 Bxh3 16. Rf2 f5 17. f4 Bxg2 18. Rxg2 Qxe3+ 19. Rf2 Qg3+ 20. Kf1 Qxh4 21. Bf3 Nf6 22. cxd5 exd5 23. Qd2 Ng4 24. Bxg4 fxg4 25. Ne2 Rae8 26. Ng1 g5 27. Re1 Rxe1+ 28. Kxe1 gxf4 29. Kf1 f3 30. Rh2 Qg5 31. Qxg5+ hxg5 32. Kf2 Kg7 33. Kg3 Rf4 34. Rh5 f2 0-1

[Event "Winnipeg TNT May op"]
[Site "Winnipeg CAN"]
[Date "2007.05.29"]
[Round "5"]
[White "Liu, Weixi"]
[Black "Khedkar, Jay S"]
[Result "0-1"]
[WhiteElo "1515"]
[BlackElo "1974"]
[PlyCount "111"]
[GameId "2160767910692951"]
[EventDate "2007.05.01"]
[EventType "swiss"]
[EventRounds "5"]
[EventCountry "CAN"]
[SourceTitle "EXT 2022"]
[Source "ChessBase"]
[SourceDate "2021.10.06"]
[SourceVersion "1"]
[SourceVersionDate "2021.10.06"]
[SourceQuality "1"]

1. d4 d5 2. c4 e6 3. Nf3 Nf6 4. Nc3 c6 5. Bg5 Nbd7 6. cxd5 exd5 7. e3 Be7 8. Bd3 O-O 9. O-O Ne4 10. Bxe7 Qxe7 11. Ne2 Ndf6 12. h3 g5 13. Ne5 Nh5 14. Nc3 Ng7 15. Nf3 g4 16. hxg4 Bxg4 17. Be2 Rad8 18. Ne5 Bxe2 19. Nxe2 Nf5 20. Nf4 Qg5 21. Qg4 Rd6 22. Qxg5+ Nxg5 23. Rfc1 Re8 24. b4 Ne6 25. Ned3 Nxf4 26. Nxf4 Re4 27. g3 Ne7 28. Rab1 Ng6 29. Nd3 b6 30. a4 Kf8 31. b5 Ree6 32. Rc2 Ke8 33. Rbc1 Ne7 34. Ne5 f6 35. Ng4 Kd7 36. Kf1 Nf5 37. Rd1 h5 38. Nh2 Rxe3 39. bxc6+ Kc7 40. fxe3 Nxe3+ 41. Kf2 Nxc2 42. Nf3 Rxc6 43. Rh1 Rc4 44. Rxh5 Rxa4 45. Rxd5 a5 46. Rf5 Nxd4 47. Nxd4 Rxd4 48. Rxf6 a4 49. Ke3 Rg4 50. Rf3 b5 51. Kd2 b4 52. Kc2 Kc6 53. Kb2 Kc5 54. Kc1 Kc4 55. Kc2 Kd4 56. Rf1 0-1

[Event "Winnipeg TNT May op"]
[Site "Winnipeg CAN"]
[Date "2007.05.29"]
[Round "5"]
[White "Rutter, Blair"]
[Black "Pottinger, Carl"]
[Result "0-1"]
[WhiteElo "1949"]
[BlackElo "1806"]
[PlyCount "130"]
[GameId "2160767910692952"]
[EventDate "2007.05.01"]
[EventType "swiss"]
[EventRounds "5"]
[EventCountry "CAN"]
[SourceTitle "EXT 2022"]
[Source "ChessBase"]
[SourceDate "2021.10.06"]
[SourceVersion "1"]
[SourceVersionDate "2021.10.06"]
[SourceQuality "1"]

1. f4 g6 2. Nf3 Bg7 3. d4 Nf6 4. e3 d6 5. c4 c5 6. dxc5 Qa5+ 7. Bd2 Qxc5 8. Nc3 O-O 9. Qb3 b6 10. Bd3 Bb7 11. O-O Qc7 12. Rae1 Nc6 13. e4 Rfc8 14. Nd5 Nxd5 15. exd5 Nd4 16. Nxd4 Bxd4+ 17. Be3 Bxe3+ 18. Rxe3 Qc5 19. Rfe1 Qd4 20. g3 Rc7 21. Kf1 Kf8 22. R1e2 Rac8 23. Re4 Qf6 24. Rf2 e6 25. Rc2 exd5 26. Ree2 dxc4 27. Bxc4 d5 28. Bd3 Rxc2 29. Rxc2 Rxc2 30. Qxc2 Qc6 31. Qxc6 Bxc6 32. Ke2 Ke7 33. Ke3 Kd6 34. Kd4 Bd7 35. Ba6 Bg4 36. b4 Bf3 37. Bc8 Kc6 38. f5 gxf5 39. Bxf5 h6 40. a3 f6 41. Bd3 a5 42. b5+ Kd6 43. Bc2 Ke6 44. Ke3 Bg2 45. Kf4 Bf1 46. a4 Bh3 47. Bd3 Kd6 48. g4 Kc5 49. Bc2 Kd4 50. Bb3 Kc5 51. Kg3 Bf1 52. h4 Bc4 53. Bc2 d4 54. Kf2 Kb4 55. Kf3 Bb3 56. Bd3 Bxa4 57. Ke4 Bxb5 58. Bb1 Kc5 59. Kf5 d3 60. Kxf6 d2 61. Bc2 Kb4 62. g5 hxg5 63. h5 Ba4 64. Bd1 Bxd1 65. h6 Bc2 0-1

[Event "Winnipeg TNT May op"]
[Site "Winnipeg CAN"]
[Date "2007.05.29"]
[Round "5"]
[White "Zaczek, Jonathon"]
[Black "Van Wyk, Joseph"]
[Result "1-0"]
[WhiteElo "2167"]
[BlackElo "1920"]
[PlyCount "51"]
[GameId "2160767910692953"]
[EventDate "2007.05.01"]
[EventType "swiss"]
[EventRounds "5"]
[EventCountry "CAN"]
[SourceTitle "EXT 2022"]
[Source "ChessBase"]
[SourceDate "2021.10.06"]
[SourceVersion "1"]
[SourceVersionDate "2021.10.06"]
[SourceQuality "1"]

1. e4 e5 2. Nf3 Nc6 3. d4 exd4 4. Nxd4 Nxd4 5. Qxd4 Ne7 6. Be3 d5 7. Nc3 Be6 8. O-O-O c6 9. exd5 Nxd5 10. Bc4 Qa5 11. Nxd5 O-O-O 12. Qxa7 Qxa7 13. Bxa7 cxd5 14. Bb3 Be7 15. Rd3 Rd6 16. Bc5 Bg5+ 17. Kb1 Rc6 18. Ba3 Rd8 19. Rhd1 d4 20. Rxd4 Rxd4 21. Rxd4 Bxb3 22. axb3 Re6 23. Rd1 Re2 24. Bc5 Kc7 25. Bd4 g6 26. c4 1-0

[Event "Winnipeg TNT October op"]
[Site "Winnipeg CAN"]
[Date "2007.10.02"]
[Round "1"]
[White "Atem, James"]
[Black "Mundwiler, Les"]
[Result "0-1"]
[WhiteElo "1717"]
[BlackElo "2003"]
[PlyCount "78"]
[GameId "2160767910579026"]
[EventDate "2007.10.02"]
[EventType "swiss"]
[EventRounds "5"]
[EventCountry "CAN"]
[SourceTitle "EXT 2022"]
[Source "ChessBase"]
[SourceDate "2021.10.06"]
[SourceVersion "1"]
[SourceVersionDate "2021.10.06"]
[SourceQuality "1"]

1. e4 d6 2. d4 g6 3. Nf3 Bg7 4. c3 Nd7 5. Be3 c6 6. Nbd2 b6 7. Qb3 Bb7 8. Ng5 Nh6 9. Bc4 O-O 10. Be2 e6 11. h4 Nf6 12. h5 Nfg4 13. hxg6 Nxe3 14. gxf7+ Nxf7 15. Nxe6 Nxg2+ 16. Kd1 Qf6 17. Nf3 Nf4 18. Nxg7 Kxg7 19. Nh4 Ng6 20. Nf5+ Kh8 21. Kc2 Bc8 22. Bd3 Bxf5 23. exf5 Nf4 24. Qc4 d5 25. Qa6 b5 26. Rad1 Nxd3 27. Rxd3 Qxf5 28. Qxc6 b4 29. f4 bxc3 30. bxc3 Rab8 31. Qc7 Rfe8 32. Re1 Rxe1 33. Qxb8+ Kg7 34. Kd2 Rd1+ 35. Kxd1 Qxd3+ 36. Ke1 Qxc3+ 37. Ke2 Qxd4 38. Qc7 Qc4+ 39. Qxc4 dxc4 0-1

[Event "Winnipeg TNT October op"]
[Site "Winnipeg CAN"]
[Date "2007.10.02"]
[Round "1"]
[White "Gibson, Fred"]
[Black "Czypinski, Jaroslaw"]
[Result "0-1"]
[WhiteElo "1345"]
[BlackElo "1828"]
[PlyCount "42"]
[GameId "2160767910579027"]
[EventDate "2007.10.02"]
[EventType "swiss"]
[EventRounds "5"]
[EventCountry "CAN"]
[SourceTitle "EXT 2022"]
[Source "ChessBase"]
[SourceDate "2021.10.06"]
[SourceVersion "1"]
[SourceVersionDate "2021.10.06"]
[SourceQuality "1"]

1. e4 e5 2. Nf3 Nc6 3. Bb5 a6 4. Ba4 Nf6 5. O-O Be7 6. Re1 b5 7. Bb3 O-O 8. d4 d6 9. c3 Bg4 10. Be3 Na5 11. Nbd2 Nxb3 12. Qxb3 Bxf3 13. Nxf3 Nxe4 14. dxe5 dxe5 15. Rad1 Bd6 16. Nxe5 Qh4 17. Nf3 Qh5 18. Rd5 Qg6 19. Ng5 Rae8 20. Nxe4 Rxe4 21. Rg5 Qxg5 0-1

[Event "Winnipeg TNT October op"]
[Site "Winnipeg CAN"]
[Date "2007.10.02"]
[Round "1"]
[White "Greenberg, Harley"]
[Black "Gibbons, Lorne"]
[Result "1-0"]
[WhiteElo "1823"]
[BlackElo "1332"]
[PlyCount "21"]
[GameId "2160767910579028"]
[EventDate "2007.10.02"]
[EventType "swiss"]
[EventRounds "5"]
[EventCountry "CAN"]
[SourceTitle "EXT 2022"]
[Source "ChessBase"]
[SourceDate "2021.10.06"]
[SourceVersion "1"]
[SourceVersionDate "2021.10.06"]
[SourceQuality "1"]

1. d4 d5 2. c4 dxc4 3. Nc3 e5 4. Qa4+ c6 5. dxe5 Be6 6. Nf3 Qd7 7. Bg5 b5 8. Qa5 h6 9. Rd1 Bd5 10. e4 hxg5 11. exd5 1-0

[Event "Winnipeg TNT October op"]
[Site "Winnipeg CAN"]
[Date "2007.10.02"]
[Round "1"]
[White "Khedkar, Jay S"]
[Black "Huynh, Peter"]
[Result "1-0"]
[WhiteElo "1970"]
[BlackElo "1585"]
[PlyCount "95"]
[GameId "2160767910579029"]
[EventDate "2007.10.02"]
[EventType "swiss"]
[EventRounds "5"]
[EventCountry "CAN"]
[SourceTitle "EXT 2022"]
[Source "ChessBase"]
[SourceDate "2021.10.06"]
[SourceVersion "1"]
[SourceVersionDate "2021.10.06"]
[SourceQuality "1"]

1. e4 b6 2. Nf3 Bb7 3. Bc4 e6 4. Nc3 Bb4 5. O-O Bxc3 6. dxc3 Bxe4 7. Ng5 Nf6 8. Nxe4 Nxe4 9. Bd5 Nxc3 10. bxc3 exd5 11. Qxd5 Nc6 12. Ba3 Qf6 13. Rae1+ Kd8 14. Be7+ Nxe7 15. Qxa8+ Nc8 16. Re3 h5 17. Rd1 Qf5 18. Red3 d6 19. c4 g5 20. Qc6 Re8 21. Qd5 Re5 22. Qd4 g4 23. f4 Rc5 24. Re1 Kd7 25. Re5 Rxe5 26. fxe5 h4 27. c5 bxc5 28. Qa4+ Kd8 29. exd6 Nxd6 30. Qxa7 c4 31. Rd2 Qf4 32. Qd4 Qg5 33. a4 Qa5 34. Qd5 Qc3 35. a5 Qe3+ 36. Kf1 Qf4+ 37. Ke1 c3 38. Re2 Qxh2 39. Qg5+ Kc8 40. Qxg4+ f5 41. Qg8+ Kb7 42. Qb3+ Ka7 43. Qxc3 Qg1+ 44. Kd2 Ne4+ 45. Rxe4 fxe4 46. Qxc7+ Ka8 47. Qc6+ Ka7 48. Qb6+ 1-0

[Event "Winnipeg TNT October op"]
[Site "Winnipeg CAN"]
[Date "2007.10.02"]
[Round "1"]
[White "Kong, Dezheng"]
[Black "Magnusson, Bryan"]
[Result "1-0"]
[WhiteElo "1848"]
[BlackElo "1176"]
[PlyCount "39"]
[GameId "2160767910579030"]
[EventDate "2007.10.02"]
[EventType "swiss"]
[EventRounds "5"]
[EventCountry "CAN"]
[SourceTitle "EXT 2022"]
[Source "ChessBase"]
[SourceDate "2021.10.06"]
[SourceVersion "1"]
[SourceVersionDate "2021.10.06"]
[SourceQuality "1"]

1. c4 e5 2. Nc3 Nc6 3. Nf3 Nf6 4. d3 Bb4 5. e3 O-O 6. Be2 Re8 7. O-O Bxc3 8. bxc3 d6 9. Bb2 Ne7 10. Qc2 b6 11. e4 Ng6 12. Bc1 Rb8 13. Bg5 h6 14. Be3 a6 15. Nd2 b5 16. cxb5 axb5 17. f3 d5 18. Rac1 d4 19. cxd4 exd4 20. Bf2 1-0

[Event "Winnipeg TNT October op"]
[Site "Winnipeg CAN"]
[Date "2007.10.02"]
[Round "1"]
[White "Magnusson, Saul"]
[Black "Silva, T Romero"]
[Result "0-1"]
[WhiteElo "1242"]
[BlackElo "1769"]
[PlyCount "78"]
[GameId "2160767910579031"]
[EventDate "2007.10.02"]
[EventType "swiss"]
[EventRounds "5"]
[EventCountry "CAN"]
[SourceTitle "EXT 2022"]
[Source "ChessBase"]
[SourceDate "2021.10.06"]
[SourceVersion "1"]
[SourceVersionDate "2021.10.06"]
[SourceQuality "1"]

1. e4 c5 2. Nf3 Nc6 3. d4 cxd4 4. Nxd4 Nf6 5. Nc3 d6 6. Be3 g6 7. f3 Bg7 8. a3 Bd7 9. Qd2 Nxd4 10. Bxd4 O-O 11. g4 a6 12. g5 Nh5 13. Bxg7 Nxg7 14. h4 Nh5 15. O-O-O Be6 16. Ne2 Rc8 17. Nf4 Nxf4 18. Qxf4 Qc7 19. Qh2 Qc5 20. Kb1 Kg7 21. f4 Bg4 22. Rd3 Bh5 23. Bh3 Rc6 24. Rg1 b5 25. Bg4 Bxg4 26. Rxg4 b4 27. h5 Rfc8 28. Rg2 Rh8 29. a4 f5 30. hxg6 hxg6 31. Rh3 Rcc8 32. exf5 Qxf5 33. Rxh8 Rxh8 34. Qg3 Rh1+ 35. Ka2 Qd5+ 36. c4 bxc3+ 37. Ka3 Ra1+ 38. Kb4 Qd4+ 39. Ka5 Rxa4# 0-1

[Event "Winnipeg TNT October op"]
[Site "Winnipeg CAN"]
[Date "2007.10.02"]
[Round "1"]
[White "Reimer, Bruce"]
[Black "Liu, Weixi"]
[Result "0-1"]
[WhiteElo "1541"]
[BlackElo "1919"]
[PlyCount "52"]
[GameId "2160767910579032"]
[EventDate "2007.10.02"]
[EventType "swiss"]
[EventRounds "5"]
[EventCountry "CAN"]
[SourceTitle "EXT 2022"]
[Source "ChessBase"]
[SourceDate "2021.10.06"]
[SourceVersion "1"]
[SourceVersionDate "2021.10.06"]
[SourceQuality "1"]

1. e4 e6 2. c4 c6 3. Nf3 d5 4. cxd5 cxd5 5. Bb5+ Nc6 6. exd5 exd5 7. O-O Bd6 8. Qa4 Nge7 9. Nd4 Qc7 10. Bxc6+ bxc6 11. g3 O-O 12. Re1 Bb7 13. b3 a6 14. b4 Be5 15. Bb2 Nf5 16. Ne6 fxe6 17. Bxe5 Qf7 18. Re2 d4 19. f4 Qh5 20. Rf2 c5 21. bxc5 Rac8 22. Na3 Nxg3 23. Qc4 Bd5 24. Qxa6 Qf5 25. hxg3 Qh3 26. Rh2 Qxg3+ 0-1